| 000 | 01327nam a2200325Ia 4500 | ||
|---|---|---|---|
| 001 | ebr10159637 | ||
| 003 | CaPaEBR | ||
| 006 | m u | ||
| 007 | cr cn||||||||| | ||
| 008 | 990824s1999 mnu sb s001 0 eng d | ||
| 020 | _z9780816632473 | ||
| 020 | _z0816632464 | ||
| 020 | _z0816632472 (pbk.) | ||
| 040 |
_aCaPaEBR _cCaPaEBR |
||
| 035 | _a(OCoLC)191818202 | ||
| 050 | 1 | 4 |
_aE76.8 _b.M53 1999eb |
| 100 | 1 | _aMichaelsen, Scott. | |
| 245 | 1 | 4 |
_aThe limits of multiculturalism _h[electronic resource] : _binterrogating the origins of American anthropology / _cScott Michaelsen. |
| 260 |
_aMinneapolis : _bUniversity of Minnesota Press, _cc1999. |
||
| 300 | _axxviii, 245 p. | ||
| 504 | _aIncludes bibliographical references (p. 221-237) and index. | ||
| 533 |
_aElectronic reproduction. _bPalo Alto, Calif. : _cebrary, _d2009. _nAvailable via World Wide Web. _nAccess may be limited to ebrary affiliated libraries. |
||
| 650 | 0 |
_aIndians of North America _xHistoriography. |
|
| 650 | 0 |
_aEurocentrism _zUnited States. |
|
| 650 | 0 |
_aIndianists _xHistory. |
|
| 650 | 0 |
_aAnthropology _zUnited States _xHistory. |
|
| 655 | 7 |
_aElectronic books. _2local |
|
| 710 | 2 | _aebrary, Inc. | |
| 856 | 4 | 0 |
_uhttp://site.ebrary.com/lib/rucke/Doc?id=10159637 _zAn electronic book accessible through the World Wide Web; click to view |
| 999 |
_c133497 _d133497 |
||